Berani kerana benar,takut kerana salah

Bibliographic Details
Main Author: Haji Bahasa Haji Othman
Format: Book
Published: Selangor : Penerbitan Pct Sdn. Bhd. , 2008

MARC

LEADER 00000cam a2200000 7i4500
001 0000066186
005 20160920.0
008 160920
020 |a 9789833577651 
090 0 0 |a MOR   |b MAL 
100 1 |a Haji Bahasa Haji Othman 
245 0 0 |a Berani kerana benar,takut kerana salah   |c Haji Bahasa Haji Othman 
260 |a Selangor :   |b Penerbitan Pct Sdn. Bhd. ,   |c 2008 
999 |a 0001062079   |b Book   |c Children Collection   |e Cawangan Taman Sri Lambak 
999 |a 0001062080   |b Book   |c Children Collection   |e Cawangan Taman Sri Lambak 
999 |a 0001069823   |b Book   |c Children Collection   |e Cawangan Pontian